000 01211nam a2200229 a 4500
008 161007s1996 ||||||||||||||||| || u
020 _a9781853393419
050 _aQH 541.15.B56 Lif
100 _aBell, Janet
245 1 4 _aThe life industry: biodiversity, people and profits
_cEdited by Miges Baumann, Janet Bell, Floriannce Koechlin and Mchel Pimbert.
260 _aLondon:
_bIntermediate Technology Publication Ltd
_c1996
300 _aviii, 206p.: ill.
350 _a17.51
650 0 _aBIODIVERSITY
650 _aBIODIVERSITY CONSERVATION--MANAGEMENT--CASE STUDIES
700 _aBaumann, Miges
700 _aPimbert, Michel
700 _aKoechlin, Florianne
995 _aMAIN LIBRARY OPEN ACCESS
_e746963
_FCBU-MAIN LIBRARY (Kitwe)
_I17.51
_jQH 541.15.B56 Lif
_M2
_UAVAILABLE
_WOct 26, 2016
_y746963
_ZMain Library Open Access Collection
995 _aMAIN LIBRARY OPEN ACCESS
_e746962
_FCBU-MAIN LIBRARY (Kitwe)
_I17.51
_jQH 541.15.B56 Lif
_M1
_UAVAILABLE
_WOct 26, 2016
_y746962
_ZMain Library Open Access Collection
995 _aMEDICAL LIBRARY OPEN ACCESS
_e746964
_FCBU-SCHOOL OF MEDICINE LIBRARY (Ndola)
_I17.51
_jQH 541.15.B56 Lif
_M3
_UAVAILABLE
_WOct 26, 2016
_y746964
_ZMedical Library Open Access Collection
999 _c80516
_d80516